[Event "Mittelrhein Verbandsliga West 1920"]
[Site "Mittelrhein"]
[Date "2019.11.17"]
[Round "3.8"]
[White "Struck, Bernd Dieter"]
[Black "Lennartz, Tim"]
[Result "1-0"]
[WhiteElo "1842"]
[BlackElo "1738"]
[PlyCount "119"]
[EventDate "2019.09.29"]
[EventType "team-tourn"]
[EventRounds "9"]
[EventCountry "GER"]
[SourceTitle "EXT 2023"]
[Source "ChessBase"]
[SourceDate "2022.10.05"]
[SourceVersion "1"]
[SourceVersionDate "2022.10.05"]
[SourceQuality "1"]
[WhiteTeam "Eschweiler SC"]
[BlackTeam "Aachen SV III"]
[WhiteTeamCountry "GER"]
[BlackTeamCountry "GER"]

1. b4 d5 2. Bb2 Bf5 3. Nf3 e6 4. e3 Nf6 5. a3 Bd6 6. Be2 Nbd7 7. 0-0 e5 8. c4 dxc4 9. Bxc4 e4 10. Ng5 0-0 11. f3 h6 12. fxe4 Bxe4 13. Nxe4 Nxe4 14. Qg4 Ndf6 15. Qf5 Qd7 16. d3 Bxh2+ 17. Kxh2 Ng4+ 18. Kg1 Qxf5 19. Rxf5 Nd6 20. Rf3 Rad8 21. Bd4 g6 22. Nd2 Nf5 23. Nb3 a6 24. a4 Nxd4 25. Nxd4 c6 26. a5 Kh7 27. Raf1 Ne5 28. Rf4 Rd7 29. Re4 Nxc4 30. dxc4 f5 31. Re6 Kg7 32. c5 Kf7 33. Re1 Rfd8 34. g3 Rh8 35. g4 h5 36. gxf5 gxf5 37. Re5 Kg6 38. Rf1 Rf8 39. Rexf5 Rxf5 40. Nxf5 Rd3 41. Rf4 Kg5 42. Kf2 Rb3 43. Kf3 Rb1 44. Nd6 Rb2 45. Ne4+ Kg6 46. Ng3 Rb1 47. Rh4 Rb3 48. Re4 Rb1 49. Ne2 Kg5 50. Nf4 Kf5 51. Rd4 h4 52. Nh3 Rf1+ 53. Kg2 Re1 54. Kf2 Rb1 55. Rxh4 Rb3 56. Rd4 Ke6 57. Kf3 Ke5 58. Ng5 Kf6 59. Ne4+ Ke6 60. Nd6 1-0

[Event "Mittelrhein Verbandsliga-W 18/19"]
[Site "Nordrheinwestfalen"]
[Date "2019.05.05"]
[Round "10.6"]
[White "Struck, Bernd Dieter"]
[Black "Loeffler, Friedrich"]
[Result "0-1"]
[WhiteElo "1871"]
[BlackElo "1846"]
[PlyCount "78"]
[EventDate "2018.09.02"]
[EventType "team-tourn"]
[EventRounds "11"]
[EventCountry "GER"]
[SourceTitle "EXT 2022"]
[Source "ChessBase"]
[SourceDate "2021.10.06"]
[SourceVersion "1"]
[SourceVersionDate "2021.10.06"]
[SourceQuality "1"]
[WhiteTeam "Eschweiler SC"]
[BlackTeam "Bruehl III"]
[WhiteTeamCountry "GER"]
[BlackTeamCountry "GER"]

1. Nf3 d5 2. c4 c6 3. b3 Nf6 4. Bb2 e6 5. e3 Be7 6. Be2 0-0 7. 0-0 Nbd7 8. d4 b6 9. Nbd2 Bb7 10. Rc1 Rc8 11. Ne5 c5 12. Bf3 Ne4 13. cxd5 Nxd2 14. Qxd2 Nxe5 15. dxe5 Bxd5 16. Bxd5 Qxd5 17. Rfd1 Qxd2 18. Rxd2 Rfd8 19. Rcd1 Rxd2 20. Rxd2 Rd8 21. Rxd8+ Bxd8 22. Kf1 Kf8 23. Ke2 Ke7 24. a4 Kd7 25. e4 Kc6 26. f4 b5 27. Kd3 Ba5 28. Bc3 Bxc3 29. Kxc3 Kb6 30. axb5 Kxb5 31. g4 g6 32. g5 a5 33. h3 c4 34. bxc4+ Kc5 35. h4 a4 36. f5 a3 37. fxe6 fxe6 38. Kb3 a2 39. Kxa2 Kxc4 0-1

[Event "Mittelrhein Verbandsliga-W 18/19"]
[Site "Nordrheinwestfalen"]
[Date "2019.04.07"]
[Round "9.7"]
[White "Struck, Bernd Dieter"]
[Black "Fournell, Udo"]
[Result "1/2-1/2"]
[WhiteElo "1871"]
[BlackElo "1860"]
[PlyCount "37"]
[EventDate "2018.09.02"]
[EventType "team-tourn"]
[EventRounds "11"]
[EventCountry "GER"]
[SourceTitle "EXT 2022"]
[Source "ChessBase"]
[SourceDate "2021.10.06"]
[SourceVersion "1"]
[SourceVersionDate "2021.10.06"]
[SourceQuality "1"]
[WhiteTeam "Eschweiler SC"]
[BlackTeam "Aachen PTSV"]
[WhiteTeamCountry "GER"]
[BlackTeamCountry "GER"]

1. Nf3 Nf6 2. g3 g6 3. Bg2 Bg7 4. c4 c5 5. Nc3 Nc6 6. 0-0 0-0 7. a3 a6 8. Rb1 Rb8 9. b4 cxb4 10. axb4 b5 11. c5 a5 12. Ba3 e5 13. Ng5 d5 14. cxd6 Qxd6 15. Nge4 Nxe4 16. Nxe4 Qe7 17. Nc3 Bd7 18. e3 Rfd8 19. Qe2 1/2-1/2

[Event "Mittelrhein Verbandsliga-W 16/17"]
[Site "Nordrheinwestfalen"]
[Date "2017.01.08"]
[Round "6.7"]
[White "Klein, Gernot"]
[Black "Struck, Bernd Dieter"]
[Result "0-1"]
[WhiteElo "1797"]
[BlackElo "1910"]
[PlyCount "138"]
[EventDate "2016.09.11"]
[EventType "team-tourn"]
[EventRounds "11"]
[EventCountry "GER"]
[SourceTitle "EXT 2022"]
[Source "ChessBase"]
[SourceDate "2021.10.06"]
[SourceVersion "1"]
[SourceVersionDate "2021.10.06"]
[SourceQuality "1"]
[WhiteTeam "Aachen PTSV"]
[BlackTeam "Eschweiler SC"]
[WhiteTeamCountry "GER"]
[BlackTeamCountry "GER"]

1. e4 d5 2. exd5 Qxd5 3. Nc3 Qd6 4. d4 Nf6 5. Bc4 a6 6. Nf3 b5 7. Bd3 Bb7 8. 0-0 e6 9. Re1 Be7 10. Ne4 Nxe4 11. Bxe4 Bxe4 12. Rxe4 Nd7 13. Bf4 Qd5 14. Qe1 Bd6 15. Bxd6 cxd6 16. a4 0-0 17. axb5 axb5 18. Re3 Nb6 19. b3 Rxa1 20. Qxa1 Ra8 21. Qc3 Qb7 22. Qd3 Nd5 23. Re1 b4 24. Ng5 Nf6 25. h3 h6 26. Nf3 Qa6 27. Qd2 Nd5 28. Kh2 Qc6 29. Rc1 Ra2 30. Ne1 Qc3 31. Qd1 Qb2 32. Rb1 Qc3 33. Rc1 Ra5 34. Nf3 Nf4 35. Qe1 Qxe1 36. Nxe1 Rd5 37. Nf3 Ne2 38. Rd1 e5 39. Re1 Nxd4 40. Nxd4 Rxd4 41. f3 f5 42. Rc1 e4 43. c3 Rd3 44. cxb4 exf3 45. gxf3 Rxf3 46. Rc8+ Kf7 47. Rb8 Rxb3 48. b5 Ke6 49. b6 Kd5 50. b7 Kc6 51. Rc8+ Kxb7 52. Rg8 g5 53. Rg6 Kc6 54. Rxh6 f4 55. Rg6 Rg3 56. Rh6 Kd5 57. h4 gxh4 58. Rxh4 Ke4 59. Rh8 d5 60. Re8+ Kf3 61. Rd8 Rg5 62. Rd7 Kf2 63. Kh3 f3 64. Kh4 Re5 65. Kg4 Ke3 66. Rh7 f2 67. Rh3+ Ke2 68. Rh2 Ke1 69. Rh1+ f1Q 0-1

[Event "Schleswig Holstein-ch Seniors"]
[Site "Germany"]
[Date "2009.??.??"]
[Round "5"]
[White "Neumann, Joachim"]
[Black "Struck, Bernd Dieter"]
[Result "0-1"]
[WhiteElo "2190"]
[BlackElo "2025"]
[PlyCount "74"]
[EventDate "2009.??.??"]
[EventType "swiss"]
[EventRounds "7"]
[EventCountry "GER"]
[SourceTitle "EXT 2011"]
[Source "ChessBase"]
[SourceDate "2010.11.26"]
[SourceVersion "1"]
[SourceVersionDate "2010.11.26"]
[SourceQuality "1"]

1. e4 d6 2. d4 Nf6 3. Nc3 g6 4. Nf3 Bg7 5. Be2 0-0 6. h3 c5 7. dxc5 dxc5 8. Qxd8 Rxd8 9. Be3 b6 10. e5 Ne8 11. Ng5 Bb7 12. e6 f6 13. Nf7 Rc8 14. 0-0-0 Nc7 15. Rd8+ Rxd8 16. Nxd8 Bxg2 17. Rd1 Nc6 18. Rd7 Rxd8 19. Rxc7 Kf8 20. Bb5 Ne5 21. Bf4 Bxh3 22. Bxe5 fxe5 23. Bd7 Bh6+ 24. Kb1 Bg2 25. Rxa7 Bd2 26. Na4 Rb8 27. Ra6 Be1 28. Nxb6 Bxf2 29. Bb5 Kg7 30. a4 Rd8 31. Nc4 Kf6 32. Rb6 h5 33. a5 h4 34. a6 h3 35. a7 h2 36. Rb8 h1Q+ 37. Ka2 Rd1 0-1

[Event "Niedersachsen-ch Seniors op 11th"]
[Site "Bad Bevensen"]
[Date "2008.07.13"]
[Round "6"]
[White "Schneider, Miloca"]
[Black "Struck, Bernd Dieter"]
[Result "1/2-1/2"]
[WhiteElo "1807"]
[BlackElo "1902"]
[PlyCount "47"]
[EventDate "2008.07.08"]
[EventType "swiss"]
[EventRounds "9"]
[EventCountry "GER"]
[SourceTitle "EXT 2022"]
[Source "ChessBase"]
[SourceDate "2021.10.06"]
[SourceVersion "1"]
[SourceVersionDate "2021.10.06"]
[SourceQuality "1"]

1. d4 d5 2. Nf3 e6 3. g3 c5 4. c3 Nd7 5. Bg2 Ngf6 6. 0-0 Bd6 7. Nbd2 b6 8. Qc2 Bb7 9. Re1 cxd4 10. Nxd4 Rc8 11. e4 dxe4 12. Nxe4 Bxe4 13. Bxe4 Nxe4 14. Qxe4 Nc5 15. Qe2 0-0 16. Be3 Qf6 17. Rad1 Rfd8 18. Nf3 h6 19. Bd4 Qe7 20. Ne5 Nd7 21. Nxd7 Rxd7 22. Qg4 Qg5 23. Qxg5 hxg5 24. Be5 1/2-1/2

[Event "Niedersachsen-ch Seniors op 11th"]
[Site "Bad Bevensen"]
[Date "2008.07.09"]
[Round "2"]
[White "Schwanke, Gerhard"]
[Black "Struck, Bernd Dieter"]
[Result "1/2-1/2"]
[WhiteElo "1739"]
[BlackElo "1902"]
[PlyCount "44"]
[EventDate "2008.07.08"]
[EventType "swiss"]
[EventRounds "9"]
[EventCountry "GER"]
[SourceTitle "EXT 2022"]
[Source "ChessBase"]
[SourceDate "2021.10.06"]
[SourceVersion "1"]
[SourceVersionDate "2021.10.06"]
[SourceQuality "1"]

1. e4 c6 2. Nc3 d5 3. Nf3 dxe4 4. Nxe4 Nd7 5. d4 Ngf6 6. Bd3 Nxe4 7. Bxe4 Nf6 8. Bd3 Bg4 9. c3 Qd5 10. Be2 e6 11. Bf4 Be7 12. 0-0 0-0 13. Ne5 Bxe2 14. Qxe2 Rfd8 15. Rfd1 Qe4 16. Qxe4 Nxe4 17. f3 Nf6 18. c4 Nd7 19. Kf2 Nxe5 20. dxe5 Bc5+ 21. Be3 Bxe3+ 22. Kxe3 c5 1/2-1/2

[Event "Mecklenburg VP-ch Seniors op 07th"]
[Site "Plau am See"]
[Date "2007.10.11"]
[Round "8"]
[White "Struck, Bernd Dieter"]
[Black "Betz, Egon"]
[Result "1/2-1/2"]
[WhiteElo "1922"]
[BlackElo "1863"]
[PlyCount "24"]
[EventDate "2007.10.04"]
[EventType "swiss"]
[EventRounds "9"]
[EventCountry "GER"]
[SourceTitle "EXT 2022"]
[Source "ChessBase"]
[SourceDate "2021.10.06"]
[SourceVersion "1"]
[SourceVersionDate "2021.10.06"]
[SourceQuality "1"]

1. Nf3 f5 2. e4 fxe4 3. Ng5 Nc6 4. d3 e3 5. Bxe3 e5 6. Be2 Be7 7. Qd2 d5 8. Nf3 Nf6 9. d4 exd4 10. Nxd4 Nxd4 11. Bxd4 0-0 12. f3 c5 1/2-1/2

[Event "Mecklenburg VP-ch Seniors op 07th"]
[Site "Plau am See"]
[Date "2007.10.08"]
[Round "5"]
[White "Janssen, Helmut"]
[Black "Struck, Bernd Dieter"]
[Result "0-1"]
[WhiteElo "1807"]
[BlackElo "1922"]
[PlyCount "138"]
[EventDate "2007.10.04"]
[EventType "swiss"]
[EventRounds "9"]
[EventCountry "GER"]
[SourceTitle "EXT 2022"]
[Source "ChessBase"]
[SourceDate "2021.10.06"]
[SourceVersion "1"]
[SourceVersionDate "2021.10.06"]
[SourceQuality "1"]

1. e4 c6 2. d4 d5 3. Nc3 dxe4 4. Nxe4 Nd7 5. Bd3 Ngf6 6. Nxf6+ Nxf6 7. Nf3 Bg4 8. c3 Qd5 9. Be2 e6 10. h3 Bh5 11. 0-0 Bd6 12. c4 Qa5 13. Bd2 Qc7 14. Ne5 Bxe5 15. dxe5 Qxe5 16. Bxh5 Qxh5 17. Bc3 0-0 18. Qb3 b6 19. Bxf6 gxf6 20. Rae1 Kh8 21. Qc3 Qg5 22. Re3 Rad8 23. Rfe1 Rg8 24. Rg3 Qf4 25. Rf3 Qd4 26. Rxf6 Qxc3 27. bxc3 Kg7 28. Rf3 Rd2 29. Ra1 Rgd8 30. Rg3+ Kf8 31. Re3 Rc2 32. a4 Rdd2 33. Rf3 Ra2 34. Rxa2 Rxa2 35. c5 Rxa4 36. cxb6 axb6 37. Kf1 Re4 38. Rd3 Ke7 39. Rg3 Re5 40. Rg7 h5 41. Rg3 Kd6 42. Rg7 f5 43. g4 fxg4 44. hxg4 hxg4 45. Rxg4 Kd5 46. Rb4 b5 47. Rd4+ Kc5 48. Rb4 Kb6 49. Rd4 c5 50. Rd6+ Ka5 51. Rd3 Ka4 52. Rd1 Kb3 53. Rb1+ Kc4 54. Rb2 b4 55. cxb4 cxb4 56. Rc2+ Kd3 57. Rc6 b3 58. Rb6 Kc2 59. Rc6+ Kb1 60. f3 b2 61. Kf2 Ra5 62. Rxe6 Ka2 63. Re2 Ka1 64. Re1+ b1Q 65. Rxb1+ Kxb1 66. Ke3 Kc2 67. Ke4 Ra4+ 68. Ke5 Kd3 69. f4 Ra5+ 0-1

[Event "Mecklenburg VP-ch Seniors op 07th"]
[Site "Plau am See"]
[Date "2007.10.07"]
[Round "4"]
[White "Struck, Bernd Dieter"]
[Black "Schroeder, Christian"]
[Result "1/2-1/2"]
[WhiteElo "1922"]
[BlackElo "1960"]
[PlyCount "85"]
[EventDate "2007.10.04"]
[EventType "swiss"]
[EventRounds "9"]
[EventCountry "GER"]
[SourceTitle "EXT 2022"]
[Source "ChessBase"]
[SourceDate "2021.10.06"]
[SourceVersion "1"]
[SourceVersionDate "2021.10.06"]
[SourceQuality "1"]

1. Nf3 d5 2. b4 e6 3. Bb2 Nf6 4. b5 c5 5. c4 Be7 6. e3 0-0 7. Be2 Nbd7 8. 0-0 dxc4 9. Na3 Nb6 10. Nxc4 Nxc4 11. Bxc4 b6 12. Qe2 Ne4 13. d3 Nd6 14. e4 Bb7 15. Rfd1 Qc7 16. Be5 Qc8 17. Nd2 Nxc4 18. dxc4 f6 19. Bc3 Rd8 20. Nf1 Qc7 21. Qg4 Bc8 22. Rxd8+ Bxd8 23. Ne3 Qf7 24. Rd1 Bc7 25. a4 Bb7 26. f3 Rd8 27. Rxd8+ Bxd8 28. Qh4 Bc7 29. Kf1 Qg6 30. Kg1 Kf8 31. g4 h6 32. Kf2 Qg5 33. Qxg5 hxg5 34. h3 Kf7 35. Ng2 Bc8 36. Ke3 f5 37. Kf2 Kg6 38. Ne3 Bf4 39. exf5+ exf5 40. gxf5+ Kf7 41. Nd5 Bxf5 42. Nxf4 gxf4 43. Be5 1/2-1/2

[Event "Bad Wildungen Seniors op 3rd"]
[Site "Bad Wildungen"]
[Date "2006.08.02"]
[Round "3"]
[White "Goy, Udo"]
[Black "Struck, Bernd Dieter"]
[Result "1-0"]
[WhiteElo "2122"]
[BlackElo "1978"]
[PlyCount "81"]
[EventDate "2006.07.31"]
[EventType "swiss"]
[EventRounds "9"]
[EventCountry "GER"]
[SourceTitle "EXT 2007"]
[Source "ChessBase"]
[SourceDate "2006.11.23"]
[SourceVersion "1"]
[SourceVersionDate "2006.11.23"]
[SourceQuality "1"]

1. d4 d5 2. Nf3 e6 3. g3 c6 4. Bg2 f5 5. 0-0 Bd6 6. b3 Qe7 7. a4 Nd7 8. c4 Ngf6 9. Ba3 Bxa3 10. Nxa3 0-0 11. e3 b6 12. Qc2 Ba6 13. Rfc1 Rac8 14. c5 bxc5 15. dxc5 Rb8 16. Nd4 Rfc8 17. Qc3 g6 18. Qa5 Bb7 19. Qxa7 e5 20. Nf3 Ba8 21. Rab1 Rb7 22. Qa5 Rcb8 23. b4 Ne4 24. h3 Nf8 25. b5 Nxc5 26. Nxe5 Nb3 27. Rxb3 Qxe5 28. Qc3 Nd7 29. Qxe5 Nxe5 30. Rbc3 Ra7 31. bxc6 Bxc6 32. f4 d4 33. exd4 Bxg2 34. Kxg2 Nf7 35. Rc8+ Rxc8 36. Rxc8+ Kg7 37. Rc4 Nd6 38. Nb5 Nxc4 39. Nxa7 Kf7 40. Nb5 Ke6 41. Nc3 1-0

[Event "Bad Zwischenahn Seniors op 1st"]
[Site "Bad Zwischenahn"]
[Date "2004.??.??"]
[Round "4"]
[White "Struck, Bernd Dieter"]
[Black "Hempel, Guenther"]
[Result "1-0"]
[WhiteElo "1976"]
[BlackElo "1660"]
[PlyCount "51"]
[EventDate "2004.07.30"]
[EventType "swiss"]
[EventRounds "9"]
[EventCountry "GER"]
[SourceTitle "EXT 2006"]
[Source "ChessBase"]
[SourceDate "2005.11.24"]
[SourceVersion "1"]
[SourceVersionDate "2005.11.24"]
[SourceQuality "1"]

1. d4 d5 2. Nc3 e6 3. e4 Bb4 4. e5 c5 5. a3 Bxc3+ 6. bxc3 c4 7. Qg4 Kf8 8. Nh3 Qa5 9. Qg3 Qa4 10. Ra2 Ne7 11. Be2 Nf5 12. Qf4 Qa5 13. Bd2 h6 14. g4 Nh4 15. 0-0 Ng6 16. Qg3 Qd8 17. Nf4 Nxf4 18. Bxf4 g5 19. Bd2 Kg7 20. f4 Nd7 21. Raa1 f6 22. exf6+ Nxf6 23. fxg5 Ne4 24. gxh6+ Kg6 25. Qe5 Rh7 26. Qh5# 1-0

[Event "Bad Zwischenahn Seniors op 1st"]
[Site "Bad Zwischenahn"]
[Date "2004.??.??"]
[Round "6"]
[White "Struck, Bernd Dieter"]
[Black "Schlachetka, Werner"]
[Result "1-0"]
[WhiteElo "1976"]
[BlackElo "2066"]
[PlyCount "61"]
[EventDate "2004.07.30"]
[EventType "swiss"]
[EventRounds "9"]
[EventCountry "GER"]
[SourceTitle "EXT 2006"]
[Source "ChessBase"]
[SourceDate "2005.11.24"]
[SourceVersion "1"]
[SourceVersionDate "2005.11.24"]
[SourceQuality "1"]

1. b4 e5 2. Bb2 Bd6 3. c4 c6 4. g3 Nf6 5. Bg2 Bc7 6. c5 d5 7. cxd6 Qxd6 8. a3 0-0 9. Nc3 Bf5 10. d3 Re8 11. Nf3 h6 12. Nd2 Nbd7 13. 0-0 a6 14. Qb3 Bb6 15. Rac1 Bd4 16. Nde4 Nxe4 17. Nxe4 Bxe4 18. Bxe4 Nf6 19. Bg2 Rad8 20. h3 Bxb2 21. Qxb2 e4 22. dxe4 Nxe4 23. Bxe4 Rxe4 24. e3 Re5 25. Rcd1 Rd5 26. Rxd5 Qxd5 27. Rc1 Qe4 28. Qc2 Qf3 29. Re1 Rd5 30. Qe2 Qf5 31. e4 1-0

[Event "GER-ch Seniors 15th"]
[Site "Bad Wiessee"]
[Date "2003.05.15"]
[Round "6"]
[White "Macher, Claus"]
[Black "Struck, Bernd Dieter"]
[Result "1/2-1/2"]
[WhiteElo "2140"]
[BlackElo "1983"]
[PlyCount "86"]
[EventDate "2003.05.??"]
[EventType "swiss"]
[EventRounds "9"]
[EventCountry "GER"]
[SourceTitle "EXT 2006"]
[Source "ChessBase"]
[SourceDate "2005.11.24"]
[SourceVersion "1"]
[SourceVersionDate "2005.11.24"]
[SourceQuality "1"]

1. d4 d5 2. c4 e6 3. Nf3 c6 4. e3 f5 5. Nc3 Bd6 6. Ne5 Nf6 7. Bd3 Nbd7 8. f4 0-0 9. 0-0 Ne4 10. Nxe4 fxe4 11. Be2 Nxe5 12. fxe5 Rxf1+ 13. Qxf1 Be7 14. Bd2 Bd7 15. Bg4 Qb6 16. b3 a5 17. c5 Qc7 18. b4 axb4 19. Bxb4 Qd8 20. Qe1 Qf8 21. Qd2 Bg5 22. a3 Qe7 23. g3 Bh6 24. h4 Be8 25. Rf1 Bd7 26. Re1 Qd8 27. Kg2 g5 28. h5 Bg7 29. Rf1 h6 30. Qc2 Qe7 31. a4 Rf8 32. Rxf8+ Bxf8 33. Ba5 Bc8 34. Bb6 Qd7 35. Qc3 Be7 36. Qa5 Kf7 37. Bc7 Ke8 38. Bd6 Kf7 39. Qd2 Kg7 40. Bb8 Kg8 41. a5 Bd8 42. Ba7 Be7 43. Be2 Qe8 1/2-1/2